| 000 | 00560nam a2200217 a 4500 | ||
|---|---|---|---|
| 001 | 9634 | ||
| 003 | CO-ViMGA | ||
| 005 | 20250801162557.0 | ||
| 008 | 141112s2004 ck r 000 u spa d | ||
| 020 | _a8423919668 | ||
| 040 |
_aCO-ViMGA _bspa _cCO-ViMGA |
||
| 082 | 0 | 4 | _a194 D372d |
| 100 | 1 |
_aDescartes, Rene _911142 |
|
| 245 | 1 | 0 | _aDiscurso del metodo - Meditaciones MetafĂsicas |
| 260 |
_aMadrĂd (E), _cEspasa 2000 |
||
| 300 | _a199.p. | ||
| 650 | 1 | 4 |
_aMETAFISICA _98479 |
| 650 | 1 | 4 |
_aMETODOLOGIA CIENTIFICA _99176 |
| 942 |
_2ddc _cBK |
||
| 999 |
_c21104 _d21104 |
||